000 00506cam a2200181ua 4500
041 _aeng
_h
082 _a631.56
_bKAC/BA
100 _aKachru, R P .
245 _a100 Bankable post harvest equipment developed in India /
_cR P Kachru.
_hTextual Documents
260 _aBhopal :
_bCentral Institute of Agricultural Engineering ,
_c1986.
300 _a277 ; .
504 _a
700 1 _aBisht, .
700 1 _aOjha, T.P.
700 1 _aSrivastava, P K .
942 _cBK
999 _c10097
_d10097